Click to Empty the Map of the United States - Statistics

General Stats
  • This quiz has been taken 1,018 times
  • The average score is 42 of 50
Answers on the Map
Answers color-coded by a green-red scale on the quiz's map according to % correct below.
 
Answer Stats
Answer % Correct
California
91%
Florida
91%
Alaska
90%
Hawaii
90%
Maine
89%
North Dakota
89%
Texas
89%
Washington
89%
Arizona
87%
Louisiana
87%
New York
87%
South Dakota
87%
Nevada
86%
New Mexico
86%
Oregon
86%
Rhode Island
86%
Montana
85%
New Hampshire
85%
Pennsylvania
85%
Vermont
85%
Connecticut
84%
Idaho
84%
Michigan
84%
Tennessee
84%
Kentucky
83%
Minnesota
83%
North Carolina
83%
South Carolina
83%
Utah
83%
Virginia
83%
Georgia
82%
Massachusetts
82%
Oklahoma
82%
Colorado
81%
Illinois
81%
Indiana
81%
Ohio
81%
West Virginia
81%
Alabama
80%
Kansas
79%
Maryland
79%
Nebraska
79%
New Jersey
79%
Wisconsin
78%
Delaware
77%
Mississippi
77%
Missouri
77%
Arkansas
76%
Wyoming
76%
Iowa
75%
No matching quizzes found
Score Distribution
Percent of People with Each Score
Percentile by Number Answered
Your Score History
You have not taken this quiz